000 00263nam a2200097Ia 4500
001 653727
005 20250826154504.0
008 250824s9999 xx 000 0 und d
245 0 _a HALKA ÇÖREK ZİNCİRİ
_cALEXANDER MCALL SMİTH
260 _bGÜNIŞIĞI YAYINLARI
999 _c653727
_d653727